Philosophy of education / (Record no. 98748)
[ view plain ]
| 000 -LEADER | |
|---|---|
| fixed length control field | 00868nam a22002537a 4500 |
| 003 - CONTROL NUMBER IDENTIFIER | |
| control field | URS |
| 005 - DATE AND TIME OF LATEST TRANSACTION | |
| control field | 20260223164110.0 |
| 008 - FIXED-LENGTH DATA ELEMENTS--GENERAL INFORMATION | |
| fixed length control field | 260219t2023 ph ||||| |||| 001 0 eng d |
| 020 ## - INTERNATIONAL STANDARD BOOK NUMBER | |
| International Standard Book Number | 9786210220056 |
| 040 ## - CATALOGING SOURCE | |
| Original cataloging agency | DLC |
| Language of cataloging | eng |
| Transcribing agency | DLC |
| Modifying agency | DLC |
| -- | URS |
| Description conventions | rda |
| 082 ## - DEWEY DECIMAL CLASSIFICATION NUMBER | |
| Classification number | 370.1 |
| Item number | H429 2023 |
| 100 ## - MAIN ENTRY--PERSONAL NAME | |
| Personal name | Hermosa, Jherwin P., |
| Relator term | authors. |
| 245 ## - TITLE STATEMENT | |
| Title | Philosophy of education / |
| Statement of responsibility, etc. | Jherwin P. Hermosa, Eden C. Callo, and Edilberto Z. Andal. |
| 264 ## - PRODUCTION, PUBLICATION, DISTRIBUTION, MANUFACTURE, AND COPYRIGHT NOTICE | |
| Place of production, publication, distribution, manufacture | Quezon, City: |
| Name of producer, publisher, distributor, manufacturer | Central Book Supply, Inc., |
| Date of production, publication, distribution, manufacture, or copyright notice | [2023] |
| 300 ## - PHYSICAL DESCRIPTION | |
| Extent | xvi, 178 pages; |
| Dimensions | 23 cm. |
| 336 ## - CONTENT TYPE | |
| Source | rdacontent |
| Content type term | text |
| Content type code | txt |
| 337 ## - MEDIA TYPE | |
| Source | rdamedia |
| Media type term | unmediated |
| Media type code | n |
| 338 ## - CARRIER TYPE | |
| Source | rdacarrier |
| Carrier type term | volume |
| Carrier type code | nc |
| 504 ## - BIBLIOGRAPHY, ETC. NOTE | |
| Bibliography, etc. note | Includes bibliographical references (pages 175-178), and indexes. |
| 650 ## - SUBJECT ADDED ENTRY--TOPICAL TERM | |
| Topical term or geographic name entry element | education -- Philosophy. |
| 700 ## - ADDED ENTRY--PERSONAL NAME | |
| Personal name | Callo, Eden C., |
| Relator term | authors. |
| 700 ## - ADDED ENTRY--PERSONAL NAME | |
| Personal name | Andal, Edilberto Z., |
| Relator term | authors. |
| 942 ## - ADDED ENTRY ELEMENTS (KOHA) | |
| Source of classification or shelving scheme | Dewey Decimal Classification |
| Koha item type | Filipiniana |
| Withdrawn status | Source of classification or shelving scheme | Damaged status | Not for loan | Home library | Current library | Shelving location | Date acquired | Total Checkouts | Full call number | Barcode | Date last seen | Price effective from | Koha item type |
|---|---|---|---|---|---|---|---|---|---|---|---|---|---|
| Dewey Decimal Classification | Pililla College Library | Pililla College Library | Filipiniana Section | 02/19/2026 | 370.1 H429 2023 | URSPIL-7384 | 02/19/2026 | 02/19/2026 | Filipiniana |